The practice of refraction / (Record no. 58537)

MARC details
000 -LEADER
campo de control de longitud fija 00495nam a2200169 i 4500
001 - NÚMERO DE CONTROL
campo de control 58537
003 - IDENTIFICADOR DE NÚMERO DE CONTROL
campo de control ES-MaACL
005 - FECHA Y HORA DE LA ÚLTIMA TRANSACCIÓN
campo de control 20230906163830.0
007 - CAMPO FIJO DE DESCRIPCIÓN FÍSICA--INFORMACIÓN GENERAL
campo de control de longitud fija t|
008 - DATOS DE LONGITUD FIJA--INFORMACIÓN GENERAL
campo de control de longitud fija 031022s1946 xxk ||||1| eng d
100 1# - ENTRADA PRINCIPAL--NOMBRE DE PERSONA
Nombre de persona Duke-Elder, Stewart.
9 (RLIN) 45955
245 14 - MENCIÓN DEL TÍTULO
Título The practice of refraction /
Mención de responsabilidad, etc. by Stewart Duke-Elder.
250 ## - MENCION DE EDICION
Mención de edición 4th ed.
260 ## - PUBLICACIÓN, DISTRIBUCIÓN, ETC.
Lugar de publicación, distribución, etc. London :
Nombre del editor, distribuidor, etc. J. and A. Churchill,
Fecha de publicación, distribución, etc. 1946 (
Fabricante Lowe and Bogdone)
300 ## - DESCRIPCIÓN FÍSICA
Extensión XII, 328 p. :
Otras características físicas il. ;
Dimensiones 21 cm.
852 ## - LOCALIZACIÓN
Ubicación ES-MaACL
Número de control de estantería C-4165
Sublocalización o colección R.24058
Holdings
Estatus retirado Estado de pérdida Estado de daño No para préstamo Biblioteca de origen Biblioteca actual Ubicación en estantería Fecha de adquisición Fuente de adquisición Total de préstamos Signatura topográfica completa Código de barras Visto por última vez Precio de reemplazo Tipo de ítem Koha
        Biblioteca del Ateneo de Madrid Biblioteca del Ateneo de Madrid Depósito 2 17/01/2008     C-4165 1061418 23/02/2023 23/02/2023 Libro impreso